| 000 | 00744cam a22002295a 4500 | ||
|---|---|---|---|
| 001 | 17439926 | ||
| 005 | 20151206144928.0 | ||
| 008 | 120823t2013 nyu fr 001 0 eng d | ||
| 020 | _a9780071799799 (alk. paper) | ||
| 020 | _a0071799796 (alk. paper) | ||
| 040 |
_aDLC _cDLC _dDLC _dEG-ScBUE _beng |
||
| 082 | 0 | 4 |
_a658.4058 _222 _bMIC |
| 100 | 1 |
_aMichaels, Daven. _938840 |
|
| 245 | 1 | 0 |
_aOutsource smart : _bbe your own boss-without letting your business become the boss of you / _cDaven Michaels. |
| 260 |
_aNew York : _bMcGraw-Hill, _cc.2013. |
||
| 300 |
_ax, 227 p. ; _c23 cm. |
||
| 500 | _aIndex : p. 219-227. | ||
| 650 | 7 |
_aContracting out. _2BUEsh _937491 |
|
| 651 | _2BUEsh | ||
| 653 |
_bBUSADM _cAugust2015 _cDecember2015 |
||
| 942 | _2ddc | ||
| 999 |
_c20603 _d20575 |
||